000
00329 a2200157 4500
001
159102
020
_a
040
_c
Magnum
100
_a
-
240
1
0
_a
Pequeno atlas melhoramentos
_l
por
245
1
0
_a
Pequeno atlas melhoramentos
362
0
_a
1899
440
1
_a
Melhoramentos
697
_a
MAGNITO: ATLAS
942
_c
BK
999
_c
159102
_d
159102